| 000 | 00450nam a2200181Ia 4500 | ||
|---|---|---|---|
| 008 | 210210b2004 xxu||||| |||| 00| 0 eng d | ||
| 020 | _a81 7141 505 9 | ||
| 082 | _a150 MCDT | ||
| 100 | _aMC DOUGALL (William). | ||
| 245 | _aTextbook of psychology. | ||
| 260 |
_aNew Delhi. _bDiscovery Publishing House. _c2004 |
||
| 300 | _axx,456 | ||
| 650 | _aTextbook | ||
| 650 | _apsychology. | ||
| 650 | _aof | ||
| 690 | _aPsychology | ||
| 906 | _a061340 | ||
| 999 |
_c108264 _d108264 |
||